Every Bulls Player Ever that has Passed Away - Statistics

General Stats
  • This quiz has been taken 2 times
  • The average score is 2 of 41
Answer Stats
Date Age Player % Correct
5/22/2020 78 Jerry Sloan
100%
7/7/2002 33 Bison Dele
50%
5/7/2001 58 Al Tucker
0%
5/19/2012 75 Bob Boozer
0%
7/25/2015 69 Bob Kauffman
0%
9/21/2014 64 Caldwell Jones
0%
10/1/2014 68 Charlie Paulk
0%
6/25/2002 51 Derrek Dickey
0%
?/?/1997 33 Dominic Pressley
0%
11/19/2021 82 Don Kojis
0%
7/25/2016 64 Dwight Jones
0%
3/4/2011 67 Ed Manning
0%
6/7/2018 74 Erwin Mueller
0%
5/23/2013 72 Flynn Robinson
0%
9/6/2021 72 Frank Russell
0%
7/29/2023 81 George Wilson
0%
3/23/2021 60 Granville Waiters
0%
2/19/2001 65 Guy Rodgers
0%
5/26/2007 58 Howard Porter
0%
3/16/2015 51 Jack Haley
0%
3/7/1983 33 Jackie Dinkins
0%
9/14/2002 61 Jim Barnes
0%
12/11/2020 75 Jim Burns
0%
12/13/2020 74 Jimmy Collins
0%
3/6/2009 60 Kennedy McIntosh
0%
10/10/2014 37 Lan Ketner
0%
7/12/2018 77 Len Chappell
0%
4/30/2009 67 McCoy McLemore
0%
12/11/1984 41 Nate Bowman
0%
7/16/2016 74 Nate Thurmond
0%
10/17/2008 58 Nick Weatherspoon
0%
2/26/2009 61 Norm Van Lier
0%
5/31/2012 52 Orlando Woolridge
0%
6/17/2022 73 Paul Ruffner
0%
11/8/2010 49 Quintin Dailey
0%
1/31/2018 38 Rasual Butler
0%
9/2/1972 30 Reggie Harding
0%
4/19/2021 76 Shaler Halimon
0%
7/28/2004 56 Steve Patterson
0%
3/26/2013 67 Tom Boerwinkle
0%
10/15/2022 71 Wilburr Holland
0%
No matching quizzes found
Score Distribution
Percent of People with Each Score
Percentile by Number Answered
Your Score History
You have not taken this quiz